000 00561nam a2200217Ia 4500
003 OSt
005 20220928140627.0
006 a|||||r|||| 00| 0
007 ta
008 220927b |||||||| |||| 00| 0 eng d
024 _a10196
037 _cTextual
040 _aSDCL
_cSDCL
_beng
041 _2eng
_aeng
082 _aX:77.1'N7, L3
100 _aMcNamara Robert S
_9496384
245 0 _aOne hundred countries , two billion people
260 _c1973
942 _hX:77.1'N7, L3
_cTEXL
_2CC
999 _c812718
_d812718